Evénements du 16 août - Statistiques

Statistiques générales
  • Ce quiz a été pris 16 fois
  • Le résultat moyen est 8 sur 15
Statistiques - réponses
Hint Réponse % Correct
Mort d'Elvis Presley 1977
93%
Naissance de l'acteur Pierre Richard 1934
79%
Mort d'Idi Amin Dada 2003
79%
Naissance de Jean de la Bruyère 1645
71%
Indépendance de Chypre 1960
64%
Loi créant les Justices de Paix en France 1790
57%
Naissance du cinéaste James Cameron 1954
57%
Naissance du futur prix Nobel de la Paix Menahem Begin 1913
50%
Naissance de l'astronome Pierre Méchain 1744
43%
Naissance de Madonna 1958
43%
Naissance de l'écrivain Albert Cohen 1895
36%
Naissance de Jean Bosco 1815
21%
Naissance du futur prix Nobel de physique Gabriel Lippmann 1845
21%
Naissance du poète Jules Laforgue 1860
21%
Mort du peintre Cecilio Pizarro 1886
21%
Aucun quiz correspondant
Distribution des résultats
% des personnes avec chaque résultat
Percentile par nombre de réponses
Votre historique - résultats
Vous n’avez pas pris ce quiz